Jack in luck / (Record no. 103425)
[ view plain ]
| 000 -LEADER | |
|---|---|
| fixed length control field | 00645nam a2200157 a 4500 |
| 005 - DATE AND TIME OF LATEST TRANSACTION | |
| control field | 20140412111301.0 |
| 008 - FIXED-LENGTH DATA ELEMENTS--GENERAL INFORMATION | |
| fixed length control field | 001116s19uu xx 00 eng d |
| 050 ## - LIBRARY OF CONGRESS CALL NUMBER | |
| Classification number | M 398.21 |
| Item number | Ha198 1992 |
| 100 ## - MAIN ENTRY--PERSONAL NAME | |
| Personal name | The Brothers Grimm |
| 245 ## - TITLE STATEMENT | |
| Title | Jack in luck / |
| Statement of responsibility, etc | The Brothers Grimm ; illustrated by Eve Tharlet. |
| 300 ## - PHYSICAL DESCRIPTION | |
| Extent | 1 v. (unp.) ; col. ; ill. |
| 520 ## - SUMMARY, ETC. | |
| Summary, etc | Translation of Hans in Gleuck. When his seven years' wages in gold proves too heavy to carry, Jack trades it in for one thing after another until he carries home empty-handed but convinced he is a lucky man. |
| 650 ## - SUBJECT ADDED ENTRY--TOPICAL TERM | |
| Topical term or geographic name as entry element | Fairy tales |
| 650 ## - SUBJECT ADDED ENTRY--TOPICAL TERM | |
| Topical term or geographic name as entry element | Folklore -- Germany |
| Withdrawn status | Lost status | Damaged status | Use restrictions | Home library | Current library | Shelving location | Date acquired | Source of acquisition | Total Checkouts | Full call number | Barcode | Date last seen | Price effective from | Koha item type |
|---|---|---|---|---|---|---|---|---|---|---|---|---|---|---|
| Elizalde Library | Elizalde Library | Main Section | 11/16/2000 | M 398.21 Ha198 1992 | E4789 | 04/12/2014 | 04/12/2014 | Books |